[Event "PCRW_ZK04"]
[Site "?"]
[Date "2009.??.??"]
[Round "?"]
[White "Buchal, Petr"]
[Black "Jezek, Otakar"]
[Result "0-1"]
[WhiteElo "1600"]
[BlackElo "1886"]
[PlyCount "32"]
[EventDate "2009.??.??"]
[EventType "corr"]
[EventRounds "2"]

1. e4 e5 2. Nf3 Nf6 3. Nc3 Nc6 4. d3 d5 5. Bg5 d4 6. Nb5 a6 7. Na3 Bxa3 8. bxa3
O-O 9. Be2 Qd6 10. O-O Ne8 11. Qc1 f6 12. Bd2 Qe7 13. c3 dxc3 14. Qxc3 Nd6 15.
Rfd1 Nb5 16. Qc1 Nbd4 {a bílý pøekroèil èas.} 0-1

[Event "PCRW_ZK04"]
[Site "?"]
[Date "2009.??.??"]
[Round "?"]
[White "Buchal, Petr"]
[Black "Kratochvil, Jan"]
[Result "0-1"]
[WhiteElo "1600"]
[BlackElo "1922"]
[PlyCount "36"]
[EventDate "2009.??.??"]
[EventType "corr"]
[EventRounds "2"]

1. e4 e5 2. Nf3 Nc6 3. Bb5 a6 4. Ba4 Nf6 5. Nc3 b5 6. Bb3 Be7 7. O-O d6 8. d3
Bb7 9. Re1 Na5 10. Be3 O-O 11. Qd2 h6 12. a4 Nxb3 13. cxb3 b4 14. Ne2 c5 15.
Ng3 Bc8 16. Nf5 Bxf5 17. Rac1 Be6 18. h3 Bxb3 0-1

[Event "PCRW_ZK04"]
[Site "?"]
[Date "2009.??.??"]
[Round "?"]
[White "Buchal, Petr"]
[Black "Marcinko, Patrik"]
[Result "0-1"]
[WhiteElo "1600"]
[BlackElo "1600"]
[PlyCount "24"]
[EventDate "2009.??.??"]
[EventType "corr"]
[EventRounds "2"]

1. e4 c6 2. Nf3 d5 3. exd5 cxd5 4. d4 Nc6 5. Bb5 Bd7 6. O-O Nf6 7. Bg5 a6 8.
Ba4 e6 9. Nc3 Be7 10. Bxc6 bxc6 11. Re1 O-O 12. Ne2 Ne4 {a bílý pøekroèil èas.}
0-1

[Event "PCRW_ZK04"]
[Site "?"]
[Date "2009.??.??"]
[Round "?"]
[White "Buchal, Petr"]
[Black "Stastny, Pavel"]
[Result "0-1"]
[WhiteElo "1600"]
[BlackElo "1979"]
[PlyCount "44"]
[EventDate "2009.??.??"]
[EventType "corr"]
[EventRounds "2"]

1. e4 e5 2. Nf3 Nc6 3. Bb5 a6 4. Ba4 Nf6 5. Nc3 Bc5 6. O-O O-O 7. a3 Nd4 8. d3
d6 9. Bg5 Bg4 10. Bxf6 Qxf6 11. Nd5 Qh6 12. c3 Nxf3+ 13. gxf3 Bh3 14. Bd7 Bxd7
15. f4 Bh3 16. Qf3 Bxf1 17. Kxf1 f5 18. Ke2 fxe4 19. dxe4 Rae8 20. Rg1 c6 21.
Ne3 exf4 22. b4 fxe3 {a bílý pøekroèil èas.} 0-1

[Event "PCRW_ZK04"]
[Site "?"]
[Date "2009.??.??"]
[Round "?"]
[White "Buchal, Petr"]
[Black "Zoubek, David"]
[Result "0-1"]
[WhiteElo "1600"]
[BlackElo "1800"]
[PlyCount "22"]
[EventDate "2009.??.??"]
[EventType "corr"]
[EventRounds "2"]

1. d4 Nf6 2. c4 g6 3. Nf3 Bg7 4. Nc3 d6 5. e3 O-O 6. Be2 Nbd7 7. O-O Re8 8. Re1
e5 9. dxe5 Nxe5 10. Nxe5 Rxe5 11. b4 Ng4 {a bílý pøekroèil èas.} 0-1

[Event "PCRW_ZK04"]
[Site "?"]
[Date "2009.??.??"]
[Round "?"]
[White "Jezek, Otakar"]
[Black "Buchal, Petr"]
[Result "1-0"]
[WhiteElo "1886"]
[BlackElo "1600"]
[PlyCount "35"]
[EventDate "2009.??.??"]
[EventType "corr"]
[EventRounds "2"]

1. d4 Nf6 2. e3 g6 3. Nf3 Bg7 4. Bc4 O-O 5. O-O e6 6. Nbd2 d5 7. Bd3 Nbd7 8. c3
c5 9. b3 b6 10. Ba3 Re8 11. Qc2 Bb7 12. Rfe1 Qc7 13. Rec1 cxd4 14. cxd4 Qxc2
15. Rxc2 Rac8 16. Rac1 e5 17. dxe5 Nxe5 18. Nxe5 {a èerný pøekroèil èas.} 1-0

[Event "PCRW_ZK04"]
[Site "?"]
[Date "2009.??.??"]
[Round "?"]
[White "Jezek, Otakar"]
[Black "Kratochvil, Jan"]
[Result "0-1"]
[WhiteElo "1886"]
[BlackElo "1922"]
[PlyCount "152"]
[EventDate "2009.??.??"]
[EventType "corr"]
[EventRounds "2"]

1. c4 c6 2. Nf3 Nf6 3. e3 d5 4. Be2 g6 5. cxd5 cxd5 6. d4 Bg7 7. O-O Nc6 8. Nc3
O-O 9. Qb3 a6 10. Bd2 Qd6 11. a4 Be6 12. a5 Ne4 13. Rfc1 Rfc8 14. Be1 Rc7 15.
Nd2 Nxc3 16. bxc3 Rac8 17. c4 dxc4 18. Nxc4 Qd7 19. Ra4 Na7 20. Bd2 Nb5 21. Qd1
Bxd4 22. exd4 Qxd4 23. Qc2 Bxc4 24. Bxc4 Nd6 25. Bxf7+ Kxf7 26. Qb3+ Rc4 27.
Raxc4 Rxc4 28. Rd1 Qd5 29. Be1 Qb5 30. Qh3 h5 31. Qd3 Re4 32. Qf3+ Qf5 33. Qb3+
Qe6 34. Qb1 Re2 35. Rc1 Qd5 36. Rd1 Qe4 37. Qb3+ Ke8 38. Qc3 Qe5 39. Qc1 Nc4
40. Bb4 Qf5 41. Rf1 Qe4 42. h3 Kf7 43. Qh6 Qd4 44. Qc1 Ne5 45. Bc3 Qc4 46. Qd1
Nc6 47. Be1 Re5 48. Qb1 Nd4 49. Bd2 Nb3 50. Be1 Rb5 51. Qd1 Ke8 52. g3 Nd4 53.
f3 Rb3 54. Kg2 g5 55. Bf2 Nxf3 56. Qa1 Rc3 57. Rd1 Ne5 58. Qb1 Qe2 59. Rc1 Rxc1
60. Qxc1 Qf3+ 61. Kg1 Qxf2+ 62. Kxf2 Nd3+ 63. Kf3 Nxc1 64. g4 h4 65. Ke4 e6 66.
Ke5 Ke7 67. Ke4 Ne2 68. Kf3 Ng1+ 69. Kg2 Nxh3 70. Kxh3 Kd6 71. Kg2 e5 72. Kf3
Kd5 73. Ke3 e4 74. Ke2 Kd4 75. Kd2 h3 76. Ke1 h2 0-1

[Event "PCRW_ZK04"]
[Site "?"]
[Date "2009.??.??"]
[Round "?"]
[White "Jezek, Otakar"]
[Black "Marcinko, Patrik"]
[Result "1-0"]
[WhiteElo "1886"]
[BlackElo "1600"]
[PlyCount "43"]
[EventDate "2009.??.??"]
[EventType "corr"]
[EventRounds "2"]

1. Nc3 Nf6 2. e4 d6 3. d3 g6 4. Nf3 Bg7 5. Be2 O-O 6. O-O c5 7. Re1 Nc6 8. Bf1
b6 9. Nd5 e6 10. Nxf6+ Bxf6 11. c3 Bb7 12. Bh6 Bg7 13. Bxg7 Kxg7 14. d4 Qe7 15.
Qd2 Rad8 16. Qe3 f6 17. Rad1 e5 18. d5 Nb8 19. a3 f5 20. exf5 Rxf5 21. Bd3 Rf4
22. Qxf4 {a bílý reklamoval výhru na základì soupeøova pøekroèení 40denní
odpovìdní lhùty.} 1-0

[Event "PCRW_ZK04"]
[Site "?"]
[Date "2009.??.??"]
[Round "?"]
[White "Jezek, Otakar"]
[Black "Stastny, Pavel"]
[Result "0-1"]
[WhiteElo "1886"]
[BlackElo "1979"]
[PlyCount "140"]
[EventDate "2009.??.??"]
[EventType "corr"]
[EventRounds "2"]

1. Nf3 Nf6 2. d4 b6 3. e3 e6 4. Bd3 c5 5. Nc3 Nc6 6. dxc5 Bxc5 7. O-O O-O 8. a3
d5 9. e4 d4 10. Ne2 Bd6 11. e5 Nxe5 12. Nfxd4 Bb7 13. f3 Nxd3 14. Qxd3 Qc7 15.
f4 Rad8 16. c3 Rfe8 17. Bd2 Bd5 18. Qh3 Bc4 19. Rfe1 Ne4 20. Be3 Nc5 21. Rab1
Nd3 22. Rf1 e5 23. fxe5 Bxe5 24. b3 Ba6 25. Bd2 Nc5 26. Bg5 f6 27. Bf4 Bd3 28.
Ra1 Bxe2 29. Nxe2 Nxb3 30. Rae1 Nc5 31. Bxe5 Qxe5 32. Nd4 Qxe1 33. Rxe1 Rxe1+
34. Kf2 Ra1 35. Qe3 Kf7 36. Kg3 Rxa3 37. Kf3 Rb3 38. Nxb3 Rd3 39. Qxd3 Nxd3 40.
Ke4 Ne5 41. Kd5 Ke7 42. Nd4 Kd7 43. h4 a5 44. h5 a4 45. Nb5 Ng4 46. Kd4 f5 47.
Na3 Kc6 48. Nc2 f4 49. Nb4+ Kd6 50. Ke4 Nf6+ 51. Kd4 Nxh5 52. c4 g5 53. Nc2 Ng3
54. Ne1 g4 55. Kc3 h5 56. Kb4 h4 57. Kxa4 h3 58. gxh3 f3 59. Nd3 gxh3 60. Nf2
h2 61. Kb5 Kc7 62. c5 bxc5 63. Kc4 h1=Q 64. Nxh1 Nxh1 65. Kd3 f2 66. Ke2 c4 67.
Kf1 c3 68. Ke2 c2 69. Kd2 f1=Q 70. Kxc2 Nf2 0-1

[Event "PCRW_ZK04"]
[Site "?"]
[Date "2009.??.??"]
[Round "?"]
[White "Jezek, Otakar"]
[Black "Zoubek, David"]
[Result "1-0"]
[WhiteElo "1886"]
[BlackElo "1800"]
[PlyCount "33"]
[EventDate "2009.??.??"]
[EventType "corr"]
[EventRounds "2"]

1. g3 d5 2. d4 c6 3. Bg2 Nf6 4. Nf3 Bf5 5. O-O e6 6. Nh4 Bg6 7. Nxg6 hxg6 8.
Nc3 Nbd7 9. e4 dxe4 10. Qe2 Bd6 11. Nxe4 Nxe4 12. Qxe4 Nf6 13. Qf3 Qb6 14. c3
O-O-O 15. a4 Rh5 16. b4 e5 17. dxe5 {a èerný pøekroèil èas.} 1-0

[Event "PCRW_ZK04"]
[Site "?"]
[Date "2009.??.??"]
[Round "?"]
[White "Kratochvil, Jan"]
[Black "Buchal, Petr"]
[Result "1-0"]
[WhiteElo "1922"]
[BlackElo "1600"]
[PlyCount "35"]
[EventDate "2009.??.??"]
[EventType "corr"]
[EventRounds "2"]

1. c4 e6 2. d4 d5 3. Nc3 Nf6 4. Nf3 c6 5. e3 Be7 6. Qc2 O-O 7. Be2 Nbd7 8. O-O
Qc7 9. Bd2 b6 10. cxd5 cxd5 11. Rac1 a6 12. Nxd5 Qxc2 13. Nxe7+ Kh8 14. Rxc2
Nd5 15. Nxc8 Rfxc8 16. Rxc8+ Rxc8 17. e4 N5f6 18. Bxa6 1-0

[Event "PCRW_ZK04"]
[Site "?"]
[Date "2009.??.??"]
[Round "?"]
[White "Kratochvil, Jan"]
[Black "Jezek, Otakar"]
[Result "1-0"]
[WhiteElo "1922"]
[BlackElo "1886"]
[PlyCount "51"]
[EventDate "2009.??.??"]
[EventType "corr"]
[EventRounds "2"]

1. c4 e5 2. g3 Nf6 3. Nc3 Bb4 4. Bg2 O-O 5. d3 Bxc3+ 6. bxc3 Nc6 7. e4 d6 8. h3
a6 9. a4 Re8 10. Nf3 Bd7 11. a5 b6 12. axb6 cxb6 13. O-O Qc8 14. Bg5 Bxh3 15.
Bxf6 gxf6 16. Qb3 Bxg2 17. Kxg2 Qc7 18. Rh1 f5 19. Ng5 fxe4 20. Rxh7 exd3 21.
Qd1 Nd8 22. Qg4 Kf8 23. Qh4 Qb7+ 24. Nf3 Re6 25. Rh8+ Kg7 26. Rh1 1-0

[Event "PCRW_ZK04"]
[Site "?"]
[Date "2009.??.??"]
[Round "?"]
[White "Kratochvil, Jan"]
[Black "Marcinko, Patrik"]
[Result "1-0"]
[WhiteElo "1922"]
[BlackElo "1600"]
[PlyCount "39"]
[EventDate "2009.??.??"]
[EventType "corr"]
[EventRounds "2"]

1. c4 c5 2. Nf3 Nf6 3. Nc3 Nc6 4. d4 cxd4 5. Nxd4 g6 6. e4 d6 7. Nc2 Bg7 8. Be2
O-O 9. O-O a6 10. Be3 Bd7 11. f3 Re8 12. Nd5 Nxd5 13. cxd5 Na7 14. Rb1 Bb5 15.
Na3 Bxe2 16. Qxe2 Qd7 17. Qd2 Rec8 18. Rbc1 b5 19. Nb1 Rxc1 20. Rxc1 1-0

[Event "PCRW_ZK04"]
[Site "?"]
[Date "2009.??.??"]
[Round "?"]
[White "Kratochvil, Jan"]
[Black "Stastny, Pavel"]
[Result "0-1"]
[WhiteElo "1922"]
[BlackElo "1979"]
[PlyCount "126"]
[EventDate "2009.??.??"]
[EventType "corr"]
[EventRounds "2"]

1. c4 e5 2. Nc3 Nf6 3. Nf3 Nc6 4. g3 Bb4 5. Nd5 e4 6. Nh4 O-O 7. Bg2 Bc5 8. f3
Nxd5 9. cxd5 exf3 10. Nxf3 Ne7 11. d4 Bb4+ 12. Kf2 c6 13. Qb3 Qb6 14. e4 cxd5
15. exd5 d6 16. Rd1 h6 17. Qc4 Ba5 18. a3 Qd8 19. a4 Bd7 20. Bd2 Rc8 21. Qb3
Bg4 22. h3 Bxf3 23. Bxf3 Bxd2 24. Rxd2 Nf5 25. Bg4 Qg5 26. Rad1 Rfe8 27. Qf3
Ne3 28. Bxc8 Nxd1+ 29. Rxd1 Rxc8 30. h4 Rc2+ 31. Kg1 Qe7 32. b3 g6 33. h5 gxh5
34. Rf1 Kg7 35. Qxh5 Qe3+ 36. Kh1 Qe4+ 37. Qf3 Re2 38. Qxe4 Rxe4 39. Rc1 Rxd4
40. Rc8 Rd3 41. Kg2 Rxb3 42. Ra8 a6 43. Rd8 Rb6 44. a5 Rb5 45. Rxd6 Rxa5 46.
Kf3 Rb5 47. Ke4 a5 48. Rd8 Kf6 49. Re8 Rb1 50. Kd4 b6 51. Kc4 h5 52. Re2 a4 53.
Re8 b5+ 54. Kc5 b4 55. d6 b3 56. Kb4 Rd1 57. Ka3 Rxd6 58. Rb8 Rd1 59. Rb6+ Kf5
60. Rb5+ Kg4 61. Rb4+ Kxg3 62. Kxa4 Rd3 63. Rb5 h4 0-1

[Event "PCRW_ZK04"]
[Site "?"]
[Date "2009.??.??"]
[Round "?"]
[White "Marcinko, Patrik"]
[Black "Buchal, Petr"]
[Result "1-0"]
[WhiteElo "1600"]
[BlackElo "1600"]
[PlyCount "25"]
[EventDate "2009.??.??"]
[EventType "corr"]
[EventRounds "2"]

1. c4 e6 2. d3 d5 3. cxd5 exd5 4. e3 Nf6 5. Be2 Bb4+ 6. Bd2 Bxd2+ 7. Nxd2 O-O
8. Ngf3 c5 9. O-O Nc6 10. a3 Qc7 11. h3 b6 12. Qc2 Bf5 13. Qc3 {
a èerný pøekroèil èas.} 1-0

[Event "PCRW_ZK04"]
[Site "?"]
[Date "2009.??.??"]
[Round "?"]
[White "Marcinko, Patrik"]
[Black "Jezek, Otakar"]
[Result "0-1"]
[WhiteElo "1600"]
[BlackElo "1886"]
[PlyCount "62"]
[EventDate "2009.??.??"]
[EventType "corr"]
[EventRounds "2"]

1. c4 e6 2. d3 Nf6 3. Nc3 Bc5 4. Nf3 O-O 5. g3 d5 6. cxd5 exd5 7. d4 Bd6 8. Bg2
c6 9. O-O Re8 10. e3 Bf5 11. a3 Qe7 12. Bd2 Ne4 13. Nxe4 Bxe4 14. b4 Nd7 15.
Bc3 a6 16. Nd2 Bxg2 17. Kxg2 Qe6 18. h4 Nf6 19. Qf3 Ne4 20. Nxe4 dxe4 21. Qe2
Qb3 22. Qb2 Qd5 23. Rab1 Rad8 24. Qb3 Qh5 25. Qd1 Qg6 26. Rh1 Bc7 27. a4 Qf5
28. g4 Qe6 29. Qe2 f5 30. gxf5 Qxf5 31. Rbg1 Rf8 {a bílý pøekroèil èas.} 0-1

[Event "PCRW_ZK04"]
[Site "?"]
[Date "2009.??.??"]
[Round "?"]
[White "Marcinko, Patrik"]
[Black "Kratochvil, Jan"]
[Result "0-1"]
[WhiteElo "1600"]
[BlackElo "1922"]
[PlyCount "38"]
[EventDate "2009.??.??"]
[EventType "corr"]
[EventRounds "2"]

1. c4 c6 2. g3 e5 3. Bg2 Nf6 4. Nc3 d5 5. cxd5 cxd5 6. d3 Nc6 7. Nf3 d4 8. Nb1
Be7 9. O-O Nd5 10. a3 O-O 11. Nbd2 Be6 12. Nb3 Rc8 13. Bd2 Qb6 14. Rb1 Ne3 15.
fxe3 Bxb3 16. Qe1 dxe3 17. Bc3 f6 18. Rc1 g6 19. Bh3 Rc7 0-1

[Event "PCRW_ZK04"]
[Site "?"]
[Date "2009.??.??"]
[Round "?"]
[White "Marcinko, Patrik"]
[Black "Stastny, Pavel"]
[Result "0-1"]
[WhiteElo "1600"]
[BlackElo "1979"]
[PlyCount "56"]
[EventDate "2009.??.??"]
[EventType "corr"]
[EventRounds "2"]

1. c4 e5 2. d3 Nf6 3. Nc3 Bc5 4. g3 Nc6 5. Bg2 O-O 6. Nf3 d6 7. O-O h6 8. e3
Bb6 9. Nd5 Nxd5 10. cxd5 Ne7 11. e4 c6 12. dxc6 Nxc6 13. a3 Bg4 14. Be3 Bxe3
15. fxe3 Qb6 16. Qd2 Na5 17. Rab1 Nb3 18. Qf2 Rac8 19. h3 Be6 20. Kh2 Rc7 21.
d4 Rfc8 22. Rfe1 Qb5 23. Bf1 Rc2 24. Re2 Rxe2 25. Bxe2 Rc2 26. Ng1 Bc4 27. Re1
exd4 28. Kh1 d3 {a bílý pøekroèil èas.} 0-1

[Event "PCRW_ZK04"]
[Site "?"]
[Date "2009.??.??"]
[Round "?"]
[White "Marcinko, Patrik"]
[Black "Zoubek, David"]
[Result "1/2-1/2"]
[WhiteElo "1600"]
[BlackElo "1800"]
[PlyCount "28"]
[EventDate "2009.??.??"]
[EventType "corr"]
[EventRounds "2"]

1. c4 e5 2. d3 Nc6 3. Nc3 Nf6 4. g3 g6 5. Bg2 Bg7 6. Nf3 O-O 7. O-O d6 8. a3
Nd4 9. Nxd4 exd4 10. Ne4 Nxe4 11. Bxe4 Bh3 12. Re1 c6 13. Qb3 Qd7 14. Bd2 Rab8
1/2-1/2

[Event "PCRW_ZK04"]
[Site "?"]
[Date "2009.??.??"]
[Round "?"]
[White "Stastny, Pavel"]
[Black "Buchal, Petr"]
[Result "1-0"]
[WhiteElo "1979"]
[BlackElo "1600"]
[PlyCount "45"]
[EventDate "2009.??.??"]
[EventType "corr"]
[EventRounds "2"]

1. e4 e5 2. Nf3 Nc6 3. Bc4 Bc5 4. d3 Nf6 5. c3 O-O 6. b4 Bb6 7. O-O d6 8. Nbd2
Bg4 9. h3 Bh5 10. Bb3 a6 11. a4 h6 12. a5 Ba7 13. Re1 Re8 14. Nf1 Bxf3 15. Qxf3
Ne7 16. Bxh6 gxh6 17. Qxf6 d5 18. Ng3 Qd6 19. Nh5 Qxf6 20. Nxf6+ Kf8 21. Nxe8
Kxe8 22. exd5 f6 23. d4 {a èerný pøekroèil èas.} 1-0

[Event "PCRW_ZK04"]
[Site "?"]
[Date "2009.??.??"]
[Round "?"]
[White "Stastny, Pavel"]
[Black "Jezek, Otakar"]
[Result "1-0"]
[WhiteElo "1979"]
[BlackElo "1886"]
[PlyCount "81"]
[EventDate "2009.??.??"]
[EventType "corr"]
[EventRounds "2"]

1. e4 Nc6 2. d4 d5 3. Nc3 dxe4 4. d5 Ne5 5. Qd4 Nd7 6. Bf4 a6 7. Qc4 c5 8. dxc6
bxc6 9. Qxc6 Ra7 10. Nd5 e5 11. Bxe5 Qa5+ 12. Bc3 Qc5 13. Qxc5 Nxc5 14. Bc4 Ne7
15. O-O-O Be6 16. Ne3 Rd7 17. Rxd7 Bxd7 18. Ne2 Nc8 19. Bd4 a5 20. Ng3 Bc6 21.
Rd1 Nb6 22. Be2 Nbd7 23. Bc3 a4 24. Ngf5 f6 25. Nd6+ Bxd6 26. Rxd6 Ba8 27. Bd4
g6 28. Nd5 e3 29. f3 O-O 30. Bb5 Bxd5 31. Rxd5 e2 32. Kd2 Rc8 33. Bxd7 Nxd7 34.
Rxd7 Rxc2+ 35. Ke1 a3 36. bxa3 Rxa2 37. Bxf6 Rxa3 38. Rg7+ Kf8 39. Rxh7 Re3 40.
Rg7 Re6 41. Rxg6 1-0

[Event "PCRW_ZK04"]
[Site "?"]
[Date "2009.??.??"]
[Round "?"]
[White "Stastny, Pavel"]
[Black "Kratochvil, Jan"]
[Result "1/2-1/2"]
[WhiteElo "1979"]
[BlackElo "1922"]
[PlyCount "125"]
[EventDate "2009.??.??"]
[EventType "corr"]
[EventRounds "2"]

1. e4 c5 2. Nc3 Nc6 3. Nf3 d6 4. d4 cxd4 5. Nxd4 e6 6. Be2 Nf6 7. Nxc6 bxc6 8.
Qd3 Be7 9. Qg3 Rb8 10. O-O O-O 11. b3 Kh8 12. Rd1 e5 13. h3 Qc7 14. Rd2 Be6 15.
Ba3 Rfd8 16. Rad1 Kg8 17. Rd3 g6 18. Qe3 Rd7 19. Bf3 Rbd8 20. Na4 d5 21. Bxe7
Rxe7 22. Nc5 Kg7 23. c3 a5 24. a3 Ra8 25. R3d2 Ree8 26. Re1 Qe7 27. exd5 cxd5
28. Rdd1 e4 29. Be2 h6 30. Qd4 Reb8 31. b4 Rc8 32. c4 axb4 33. axb4 Rab8 34.
Na6 Rxb4 35. Nxb4 Qxb4 36. cxd5 Qxd4 37. Rxd4 Bxd5 38. Red1 Rc5 39. Kf1 g5 40.
Ra1 Be6 41. Ke1 Kg6 42. Ra6 h5 43. Rdd6 Re5 44. Rdb6 Kf5 45. g3 Kg6 46. Rc6 Kg7
47. Bf1 e3 48. f3 Rf5 49. Be2 Nd5 50. Ra7 Kf6 51. Bd3 Re5 52. Ra4 Ne7 53. Rca6
Rc5 54. Rc4 Rxc4 55. Bxc4 Nf5 56. Bxe6 fxe6 57. g4 hxg4 58. fxg4 Nd4 59. Ra5 e5
60. Ra6+ Ke7 61. Kf1 Kf7 62. Kg2 Ke7 63. Rg6 1/2-1/2

[Event "PCRW_ZK04"]
[Site "?"]
[Date "2009.??.??"]
[Round "?"]
[White "Stastny, Pavel"]
[Black "Marcinko, Patrik"]
[Result "1-0"]
[WhiteElo "1979"]
[BlackElo "1600"]
[PlyCount "35"]
[EventDate "2009.??.??"]
[EventType "corr"]
[EventRounds "2"]

1. e4 c6 2. d4 d5 3. e5 Bf5 4. Nc3 e6 5. Nge2 Nd7 6. Ng3 c5 7. Nxf5 exf5 8.
Nxd5 Ne7 9. Bg5 cxd4 10. Bb5 a6 11. Bxd7+ Kxd7 12. Qxd4 Ke8 13. Bxe7 Bxe7 14.
O-O-O Rc8 15. Qa7 Bc5 16. Qxb7 Kf8 17. Nb6 Qe8 18. Nxc8 1-0

[Event "PCRW_ZK04"]
[Site "?"]
[Date "2009.??.??"]
[Round "?"]
[White "Stastny, Pavel"]
[Black "Zoubek, David"]
[Result "1/2-1/2"]
[WhiteElo "1979"]
[BlackElo "1800"]
[PlyCount "61"]
[EventDate "2009.??.??"]
[EventType "corr"]
[EventRounds "2"]

1. e4 c5 2. Nf3 d6 3. d4 cxd4 4. Nxd4 Nf6 5. Nc3 a6 6. b3 e5 7. Nf3 Be6 8. Bb2
Be7 9. g3 O-O 10. Bg2 Nc6 11. O-O Rc8 12. Nd5 Nxe4 13. Nxe7+ Qxe7 14. Nxe5 dxe5
15. Bxe4 Rfd8 16. Qf3 Nd4 17. Bxd4 Rxd4 18. c3 Rd7 19. Rad1 Rdc7 20. c4 g6 21.
a4 f5 22. Bd5 e4 23. Qe3 Bxd5 24. Rxd5 Rd8 25. Rfd1 Rxd5 26. Rxd5 Rd7 27. Qd4
Rxd5 28. cxd5 Kf7 29. Kg2 Qd6 30. b4 Qd7 31. a5 1/2-1/2

[Event "PCRW_ZK04"]
[Site "?"]
[Date "2009.??.??"]
[Round "?"]
[White "Zoubek, David"]
[Black "Buchal, Petr"]
[Result "1-0"]
[WhiteElo "1800"]
[BlackElo "1600"]
[PlyCount "21"]
[EventDate "2009.??.??"]
[EventType "corr"]
[EventRounds "2"]

1. e4 c5 2. Nf3 Nc6 3. d4 cxd4 4. Nxd4 d6 5. Nc3 Nf6 6. Bg5 e5 7. Bxf6 Qxf6 8.
Nd5 Qd8 9. Nb5 a6 10. Nbc7+ Kd7 11. Qg4+ 1-0

[Event "PCRW_ZK04"]
[Site "?"]
[Date "2009.??.??"]
[Round "?"]
[White "Zoubek, David"]
[Black "Jezek, Otakar"]
[Result "0-1"]
[WhiteElo "1800"]
[BlackElo "1886"]
[PlyCount "34"]
[EventDate "2009.??.??"]
[EventType "corr"]
[EventRounds "2"]

1. e4 e5 2. Nf3 Nf6 3. Nxe5 Qe7 4. d4 d6 5. Nf3 Qxe4+ 6. Be2 Be7 7. O-O O-O 8.
Re1 Qf5 9. Bd3 Qd7 10. Be3 Nc6 11. a3 Re8 12. c4 d5 13. Nc3 dxc4 14. Bxc4 Bd6
15. Qd2 Na5 16. Ba2 Nc6 17. Bg5 Be7 {a bílý pøekroèil èas.} 0-1

[Event "PCRW_ZK04"]
[Site "?"]
[Date "2009.??.??"]
[Round "?"]
[White "Zoubek, David"]
[Black "Kratochvil, Jan"]
[Result "0-1"]
[WhiteElo "1800"]
[BlackElo "1922"]
[PlyCount "56"]
[EventDate "2009.??.??"]
[EventType "corr"]
[EventRounds "2"]

1. e4 e5 2. Nf3 Nc6 3. d4 exd4 4. Nxd4 Bc5 5. Be3 Qf6 6. c3 Nge7 7. Bc4 b6 8.
O-O Bb7 9. Nb3 Ne5 10. Nxc5 bxc5 11. Bd5 Nxd5 12. exd5 Ba6 13. Re1 O-O 14. Na3
Nd3 15. Re2 Rfb8 16. Rb1 Ne5 17. Rd2 d6 18. b3 Re8 19. c4 Bc8 20. Nb5 Bg4 21.
Qf1 Qg6 22. Kh1 Nf3 23. Rd3 Nxh2 24. Kxh2 Qh5+ 25. Kg1 Be2 26. Qe1 Bxd3 27. Rd1
Re4 28. f3 Rh4 0-1

[Event "PCRW_ZK04"]
[Site "?"]
[Date "2009.??.??"]
[Round "?"]
[White "Zoubek, David"]
[Black "Marcinko, Patrik"]
[Result "1/2-1/2"]
[WhiteElo "1800"]
[BlackElo "1600"]
[PlyCount "31"]
[EventDate "2009.??.??"]
[EventType "corr"]
[EventRounds "2"]

1. e4 c6 2. d4 d5 3. exd5 cxd5 4. c4 Nf6 5. Nc3 e6 6. Nf3 Nc6 7. Bg5 Be7 8. c5
O-O 9. Bb5 Bd7 10. O-O a6 11. Bxc6 Bxc6 12. Ne5 Qc7 13. Bf4 Qc8 14. Re1 Nd7 15.
Nxd7 Qxd7 16. b4 1/2-1/2

[Event "PCRW_ZK04"]
[Site "?"]
[Date "2009.??.??"]
[Round "?"]
[White "Zoubek, David"]
[Black "Stastny, Pavel"]
[Result "1/2-1/2"]
[WhiteElo "1800"]
[BlackElo "1979"]
[PlyCount "68"]
[EventDate "2009.??.??"]
[EventType "corr"]
[EventRounds "2"]

1. e4 e5 2. Nf3 Nc6 3. Bb5 a6 4. Ba4 Nf6 5. O-O Be7 6. Re1 b5 7. Bb3 O-O 8. c3
d5 9. d4 exd4 10. e5 Ne4 11. cxd4 Bf5 12. Nc3 Nxc3 13. bxc3 Na5 14. Bc2 Qd7 15.
Bg5 Ba3 16. Bc1 Be7 17. Bg5 Bxg5 18. Nxg5 h6 19. Nf3 Nc4 20. Nd2 Bxc2 21. Qxc2
Nxd2 22. Qxd2 c5 23. a4 cxd4 24. Qxd4 Rac8 25. axb5 Rc4 26. Qd2 axb5 27. Re3
Rfc8 28. g3 Qe6 29. Rb1 Qf5 30. Qe1 R8c5 31. Rd1 Qe6 32. Rdd3 Ra4 33. Rd2 h5
34. h4 g6 1/2-1/2